Global movements of major world indices: the performance comparison
Vplyv faktorov, najmä menových politík hlavných centrálnych bánk na vývoj cien finančných aktív. Dynamické porovnanie ich relatívnej výkonnosti v krátkodobom, strednodobom a dlhodobom investičnom horizonte.
Enregistré dans:
| Auteur principal: | |
|---|---|
| Autres auteurs: | |
| Format: | Chapitre de livre |
| Langue: | slovaque |
| Sujets: | |
| Tags: |
Pas de tags, Soyez le premier à ajouter un tag!
|
MARC
| LEADER | 00000nla a2200000 4500 | ||
|---|---|---|---|
| 001 | 0226130 | ||
| 005 | 20240502073720.1 | ||
| 041 | 0 | |a slo | |
| 044 | |a SK | ||
| 245 | 1 | 0 | |a Global movements of major world indices: the performance comparison |c Miloš Bikár, Katarína Vavrová |
| 520 | |a Vplyv faktorov, najmä menových politík hlavných centrálnych bánk na vývoj cien finančných aktív. Dynamické porovnanie ich relatívnej výkonnosti v krátkodobom, strednodobom a dlhodobom investičnom horizonte. | ||
| 610 | 2 | 0 | |a aktíva finančné |
| 610 | 2 | 0 | |a indexy burzové |
| 610 | 2 | 0 | |a nástroje investičné |
| 610 | 2 | 0 | |a diverzifikácia |
| 610 | 2 | 0 | |a volatilita |
| 610 | 2 | 0 | |a riziko |
| 610 | 2 | 0 | |a trh akciový |
| 610 | 2 | 0 | |a trh finančný |
| 610 | 2 | 0 | |a výnosy |
| 100 | 1 | |a Bikár, Miloš, 1973- | |
| 700 | 1 | |a Vavrová, Katarína, 1960- | |